| 000 | 00000nam 2200000za 4500 |
| 001 | 9.689270 |
| 003 | CaOODSP |
| 005 | 20210927150442 |
| 007 | cr ||||||||||| |
| 008 | 150407s2002 onc|||||o f|0| 0 eng d |
| 040 | |aCaOODSP|beng |
| 043 | |an-cn--- |
| 086 | 1 |aR2-207/2002E-PDF |
| 110 | 1 |aCanada. |bIndian and Northern Affairs Canada. |
| 245 | 12|aA citizen's guide to oil and gas in the Northwest Territories |h[electronic resource]. |
| 260 | |aOttawa : |bIndian and Northern Affairs, |c2002. |
| 300 | |a15 p. : |bcoloured illus., glossary, photographs. |
| 500 | |aThe catalogue number (R2-207/2002E) and ISBN (0-662-31913-3) for the print edition have been incorrectly copied in this PDF edition. |
| 590 | |a07-02-Supp|b2007-04-05 |
| 690 | 07|aGases|2gcpds |
| 690 | 07|aPetroleum|2gcpds |
| 775 | 08|tGuide du citoyen sur le pétrole et le gaz dans les Territoires du Nord-Ouest |w(CaOODSP)9.633688 |
| 794 | |tOil & gas - a citizen's guide for the Northwest Territories |w(CaOODSP)9.688905 |
| 856 | 40|ahttp://publications.gc.ca|qPDF|s664 KB|uhttps://publications.gc.ca/collections/Collection/R2-207-2002E.pdf |
| 986 | |aQS-Y188-000-EE-A1 |